Pierwiastki chemiczne - Statystyki

Ogólne statystyki
  • Ten quiz został rozwiązany 564 razy
  • Średni wynik to 48 z 118
Statystyki odpowiedzi
L.A. Pierwiastek % Poprawnych
1 wodór
97%
81 tal
93%
2 hel
89%
79 złoto
89%
7 azot
87%
6 węgiel
86%
19 potas
84%
47 srebro
84%
84 polon
82%
3 lit
81%
88 rad
81%
16 siarka
80%
30 cynk
78%
12 magnez
76%
9 fluor
75%
15 fosfor
73%
53 jod
73%
8 tlen
73%
26 żelazo
73%
17 chlor
71%
29 miedź
71%
11 sód
71%
50 cyna
70%
10 neon
70%
5 bor
69%
35 brom
69%
92 uran
67%
13 glin
65%
14 krzem
65%
20 wapń
65%
4 beryl
64%
82 ołów
63%
56 bar
61%
18 argon
58%
25 mangan
58%
80 rtęć
58%
24 chrom
55%
54 ksenon
54%
99 einstein
50%
28 nikiel
49%
95 ameryk
48%
78 platyna
48%
31 gal
44%
32 german
44%
93 neptun
44%
63 europ
43%
94 pluton
43%
36 krypton
41%
22 tytan
41%
23 wanad
41%
39 itr
40%
27 kobalt
40%
112 kopernik
39%
33 arsen
38%
55 cez
38%
87 frans
36%
34 selen
36%
83 bizmut
35%
57 lantan
35%
37 rubid
35%
74 wolfram
34%
46 pallad
33%
89 aktyn
31%
48 kadm
31%
76 osm
31%
77 iryd
29%
86 radon
28%
52 tellur
28%
51 antymon
26%
42 molibden
26%
38 stront
26%
85 astat
25%
49 ind
25%
96 kiur
25%
41 niob
25%
21 skand
25%
73 tantal
25%
75 ren
24%
45 rod
24%
58 cer
23%
101 mendelew
23%
118 oganeson
23%
90 tor
23%
40 cyrkon
22%
43 technet
22%
107 bohr
21%
102 nobel
21%
44 ruten
20%
105 dubn
19%
68 erb
19%
72 hafn
19%
98 kaliforn
19%
70 iterb
18%
115 moskow
17%
60 neodym
17%
110 darmsztadt
16%
71 lutet
16%
59 prazeodym
16%
91 protaktyn
16%
108 has
15%
103 lorens
15%
61 promet
15%
111 roentgen
15%
104 rutherford
15%
69 tul
15%
97 berkel
14%
66 dysproz
13%
64 gadolin
13%
67 holm
13%
106 seaborg
13%
117 tenes
13%
65 terb
13%
62 samar
12%
116 liwermor
11%
100 ferm
10%
113 nihon
10%
114 flerow
6%
109 meitner
6%
Nie znaleziono quizów pasujących do podanych kryteriów
Rozkład punktacji
Procent ludzi z każdym wynikiem
Percentyl według liczby udzielonych odpowiedzi
Twoja historia wyników
Nie rozwiązałeś tego quizu